Γνωμικά αρχαίων Ελλήνων φιλοσόφων και αγίων Πατέρων της Εκκλησίας

Αποθηκεύτηκε σε:
Λεπτομέρειες βιβλιογραφικής εγγραφής
Άλλοι συγγραφείς: Φλώρος, Αθανάσιος Λ. (Επιμελητής έκδοσης)
Μορφή: Βιβλίο
Γλώσσα:Greek
Δημοσίευση: Αθήναι : Πελαργός, 1949
Θέματα:
Ετικέτες: Προσθήκη ετικέτας
Δεν υπάρχουν, Καταχωρήστε ετικέτα πρώτοι!

MARC

LEADER 00000cam a2200000 i 4500
001 1/95779
008 081020s1949 gre d
035 |l 10101028 
040 |a GR-MY-UA  |b gre  |e aacr 
041 0 |a gre 
082 0 |a 398.98  |2 (22) 
245 1 0 |a Γνωμικά αρχαίων Ελλήνων φιλοσόφων και αγίων Πατέρων της Εκκλησίας /  |c επιμέλεια Αθανασίου Λ. Φλώρου 
260 |a Αθήναι :   |b Πελαργός,   |c 1949 
300 |a 159 σ.;  |c 15 εκ. 
650 0 0 |a Proverbs, Greek. 
650 0 0 |a Maxims, Greek. 
650 0 0 |a Quotations, Greek. 
700 1 |a Φλώρος, Αθανάσιος Λ.  |4 edt 
852 |a INST  |b RHODES  |c AKA  |e 20081020  |h  398.98 ΓΝΩ  |p 005400030979  |q 005400030979  |t BK  |y 0 
901 |a BIBL4-2008-3 
909 |a Ρ  |b 153418 
970 |a ΧΑΡΙΟΠΟΛΙΤΟΥ  |b ΚΩΝΣΤΑΝΤΙΝΑ  |z 2008/10/20